Statistiques concernant Les plus grandes villes d'Italie - Quiz

Cliquez ici pour prendre le quiz!

Statistiques générales

  • Ce quiz a été pris 46 290 fois
    (40 910 depuis la dernière actualisation)
  • Le résultat moyen est 10 sur 20

Statistiques - réponses

PopulationVille% Correct
966 144Naples
90%
2 872 800Rome
90%
1 366 180Milan
89%
261 321Venise
83%
882 523Turin
80%
380 948Florence
74%
668 405Palerme
62%
580 097Gênes
61%
389 261Bologne
54%
257 275Vérone
48%
323 370Bari
46%
195 687Parme
35%
311 620Catane
29%
196 745Brescia
22%
234 293Messine
22%
204 338Trieste
21%
198 283Tarante
20%
210 440Padoue
17%
185 273Modène
12%
193 325Prato
9%

Distribution des résultats

Percentile par nombre de réponses

% des personnes avec chaque résultat

Votre développement - résultats

Vous n’avez pas pris ce quiz depuis la dernière actualisation